| 000 | 00631nam a2200205Ia 4500 | ||
|---|---|---|---|
| 003 | OSt | ||
| 005 | 20251104092228.0 | ||
| 008 | 210210b1999 xxu||||| |||| 00| 0 eng d | ||
| 040 | _cAL | ||
| 041 | _aKannada | ||
| 082 | _a398.232K PURH | ||
| 100 |
_aPURUSHOTTAMA BILIMALE CHELUVARAJU. _dಪುರುಷೋತ್ತಮ ಬಿಳಿಮಲೆ ಚೆಲುವರಾಜು _9243664 |
||
| 245 |
_aHampi janapada. _b ಹಂಪಿ ಜನಪದ |
||
| 260 |
_aHampi _bPrasarnga Kannada Vishvavidyalaya _c1999 |
||
| 300 | _aviii,198 | ||
| 650 |
_aJanapada _9243665 |
||
| 690 |
_aFolklore _9243666 |
||
| 906 | _aSG03484 | ||
| 942 |
_2ddc _cBK |
||
| 999 |
_c114176 _d114176 |
||